000 00342cam a22001217a 4500
008 180718b1983 xxu||||| |||| 00| 0 eng d
082 _aT000x5415 P861
100 _aPoudyal, Sriram
245 _aPlanned development in Nepal
_cby Sriram Poudyal
260 _aNew Delhi
_bSterling
_c1983
300 _a135p.
650 _aEconomic planning - Nepal
999 _c351465
_d351465